Vital soil : Funtion, value and properties

Spremljeno u:
Bibliografski detalji
Glavni autor: Doelman, Peter
Format: Knjiga
Jezik:Undetermined
Izdano: Boston Elsevier 2004
Teme:
Oznake: Dodaj oznaku
Bez oznaka, Budi prvi tko označuje ovaj zapis!
Thư viện lưu trữ: Trung tâm Học liệu Trường Đại học Cần Thơ
LEADER 00583nam a2200217Ia 4500
001 CTU_93199
008 210402s9999 xx 000 0 und d
020 |c 127.35 
082 |a 631.46 
082 |b D651 
100 |a Doelman, Peter 
245 0 |a Vital soil : 
245 0 |b Funtion, value and properties 
245 0 |c Peter Doelman, Herma J. P. Eijsackers 
260 |a Boston 
260 |b Elsevier 
260 |c 2004 
650 |a Soils,Soil biology,Soil pollution 
650 |x Quality 
904 |i Trúc,Hải 
980 |a Trung tâm Học liệu Trường Đại học Cần Thơ